00690nam a2200205 i 4500001000700000003000900007005001700016008004100033020001800074080002200092080002100114100002700135245010100162250001200263260003900275300002200314490002000336830002000356852010800376184027ES-MaACL20250915063105.0150223s2002 sp | |||| ||cat d a84-273-1049-8 a929 Serra, Antoni a821.134.1-94"19"1 aSerra, Antoni, d1936-10aNo hi ha quart poder b: memòries periodístiques del meu temps de glòria / cAntoni Serra. a1ª ed. aPalma (Mallorca) : bMoll, c2002. a222 p. ; c22 cm.1 aTomir ; vn. 490 aTomir ; vn. 49 aES-MaACLjA-13402bR.150239cDEPO1dOlim: N-6402gDedicatoria autógrafahDonación: Jesús García